MARC details
| 000 -CABECERA |
| campo de control de longitud fija |
00932nam a2200253 a 4500 |
| 001 - NÚMERO DE CONTROL |
| campo de control |
000023050 |
| 005 - FECHA Y HORA DE LA ÚLTIMA TRANSACCIÓN |
| campo de control |
20200930021945.0 |
| 008 - DATOS DE LONGITUD FIJA--INFORMACIÓN GENERAL |
| campo de control de longitud fija |
101125s1996 mx ad 001 0 spa d |
| 020 ## - NÚMERO INTERNACIONAL ESTÁNDAR DEL LIBRO |
| Número Internacional Estándar del Libro |
9688807230 |
| 040 ## - FUENTE DE LA CATALOGACIÓN |
| Centro catalogador/agencia de origen |
DO-SdBNP |
| Lengua de catalogación |
spa |
| Centro/agencia transcriptor |
BNPHU |
| 082 ## - NÚMERO DE LA CLASIFICACIÓN DECIMAL DEWEY |
| Número de clasificación |
629.8 |
| Número de documento/Ítem |
K966s, 1996 |
| 049 ## - FONDOS LOCALES (OCLC) |
| Fondos de biblioteca |
BNGR |
| 100 1# - ENTRADA PRINCIPAL--NOMBRE DE PERSONA |
| Nombre de persona |
Kuo, Benjamín C., |
| Fechas asociadas al nombre |
1930- |
| 9 (RLIN) |
47433 |
| 245 10 - MENCIÓN DE TÍTULO |
| Título |
Sistemas de control automático / |
| Mención de responsabilidad, etc. |
Benjamín C. Kuo ; traducción de Guillermo Aranda Pérez ; revisión técnica de Fransisco Rodríguez Ramírez. |
| 250 ## - MENCIÓN DE EDICIÓN |
| Mención de edición |
7a ed. |
| 260 ## - PUBLICACIÓN, DISTRIBUCIÓN, ETC. |
| Lugar de publicación, distribución, etc. |
México, D. F. : |
| Nombre del editor, distribuidor, etc. |
Prentice Hall Hispanoamericana, |
| Fecha de publicación, distribución, etc. |
1996. |
| 300 ## - DESCRIPCIÓN FÍSICA |
| Extensión |
xxiv, 897 p. : |
| Otras características físicas |
il., diag. ; |
| Dimensiones |
25 cm. |
| 500 ## - NOTA GENERAL |
| Nota general |
Incluye índice alfabético. |
| 650 #4 - PUNTO DE ACCESO ADICIONAL DE MATERIA--TÉRMINO DE MATERIA |
| Término de materia o nombre geográfico como elemento de entrada |
Control automático |
| 9 (RLIN) |
47434 |
| 650 #4 - PUNTO DE ACCESO ADICIONAL DE MATERIA--TÉRMINO DE MATERIA |
| Término de materia o nombre geográfico como elemento de entrada |
Sistemas de recolección automática de datos |
| 9 (RLIN) |
47435 |
| 700 1# - PUNTO DE ACCESO ADICIONAL--NOMBRE DE PERSONA |
| Nombre de persona |
Aranda Pérez, Guillermo, |
| Término indicativo de función/relación |
tr. |
| 9 (RLIN) |
47436 |
| 700 1# - PUNTO DE ACCESO ADICIONAL--NOMBRE DE PERSONA |
| Nombre de persona |
Rodríguez Ramírez, Fransisco, |
| Término indicativo de función/relación |
rev. |
| 9 (RLIN) |
47437 |
| 910 ## - DATOS DE OPCIÓN DEL USUARIO (OCLC) |
| Datos de opción del usuario |
WM |